| 000 | 01103nmc a2200385 a 4500 | ||
|---|---|---|---|
| 003 | AR-BaBNM | ||
| 005 | 20251128203808.0 | ||
| 008 | 167019s1965 ||||||||||||||000 | spa|| | ||
| 040 | _cAR-BaBNM | ||
| 245 | 1 | 0 | _aPrograma de actividades de los jardines de infantes |
| 250 | _a3ª ed. | ||
| 260 |
_aBuenos Aires _bKapelusz _c1965 |
||
| 300 | 1 |
_avii, 135 p. _btablas |
|
| 490 | 0 | _aBiblioteca de cultura pedagógica | |
| 650 | 4 | _aORGANIZACION ESCOLAR | |
| 650 | 4 | _aACTIVIDADES ESCOLARES | |
| 650 | 4 | _aROL DEL DOCENTE | |
| 650 | 4 | _aJUEGOS EDUCATIVOS | |
| 650 | 4 | _aCARACTERISTICAS PSICOLOGICAS | |
| 650 | 4 | _aPROMOCION DEL ALUMNO | |
| 650 | 4 | _aDRAMATIZACION | |
| 653 | 0 | _aJARDINES DE INFANTES | |
| 653 | 0 | _aEDUCACION INICIAL | |
| 653 | 0 | _aNINOS DE JARDIN DE INFANTES | |
| 700 | 1 | _aHill, Patty Smith | |
| 700 | 1 | _aBurke, Agnes | |
| 700 | 1 | _aConard, Edith U | |
| 700 | 1 | _aDalgliesh, Alice | |
| 700 | 1 | _aHughes, Edna V. | |
| 700 | 1 | _aRankin, Mary E. | |
| 700 | 1 | _aGarrison, Charlotte G. | |
| 700 | 1 |
_aGuillén de Rezzano, Clotilde _eprologuista |
|
| 942 | _cBK | ||
| 998 | _cSILVI | ||
| 999 |
_c4972 _d4972 |
||